Devine l'atome selon le symbole (#1) - Statistiques

Statistiques générales
  • Ce quiz a été pris 91 fois
  • Le résultat moyen est 7 sur 10
Statistiques - réponses
Symbole Atome % Correct
Cl Chlore
94%
Na Sodium
91%
U Uranium
90%
Xe Xénon
87%
Ga Gallium
77%
Co Cobalt
71%
Be Béryllium
70%
Ta Tantale
35%
Er Erbium
32%
Ds Darmstadtium
13%
Aucun quiz correspondant
Distribution des résultats
% des personnes avec chaque résultat
Percentile par nombre de réponses
Votre historique - résultats
Vous n’avez pas pris ce quiz